México y la revolución /
Mariátegui analiza la revolución mexicana, sus consecuencias, logros y tropiezos; examina la personalidad de algunos políticos; el conflicto religioso y el movimiento obrero. del federalismo mexicano de ese entonces.
Збережено в:
| Автор: | |
|---|---|
| Формат: | Книга |
| Мова: | Іспанська |
| Серія: | (Materiales de Cultura y Divulgación Política Mexicana ;
3) |
| Предмети: | |
| Теги: |
Немає тегів, Будьте першим, хто поставить тег для цього запису!
|
MARC
| LEADER | 00000nam^a2200000^a^4500 | ||
|---|---|---|---|
| 001 | 000121105 | ||
| 005 | 20250521000000.0 | ||
| 009 | 20260310094416.442 | ||
| 037 | |a Acervo ITESO - Biblioteca | ||
| 041 | |a ESP | ||
| 082 | |a 972. 06 |b MAR | ||
| 100 | |a Mariátegui, José Carlos |e (autor) | ||
| 245 | 1 | 0 | |a México y la revolución / |c J.C. Mariátegui. |
| 264 | |a México : |b Partido Revolucionario Institucional, Comité Ejecutivo Nacional, |c 1974 | ||
| 300 | |a 21 p. | ||
| 336 | |a texto |b txt |2 rdacontenido | ||
| 337 | |a sin mediación |b n |2 rdamedio | ||
| 338 | |a volumen |b nc |2 rdasoporte | ||
| 440 | 1 | |a (Materiales de Cultura y Divulgación Política Mexicana ; |v 3) | |
| 520 | |a Mariátegui analiza la revolución mexicana, sus consecuencias, logros y tropiezos; examina la personalidad de algunos políticos; el conflicto religioso y el movimiento obrero. del federalismo mexicano de ese entonces. | ||
| 649 | |a XX | ||
| 650 | |a Política - |z México - |x Historia | ||
| 650 | |a México - |x Historia - |y Revolución, 1910-1917 | ||
| 650 | |a México - |x Historia - |y Régimen Carrancista, 1917-1920 | ||
| 650 | |a México - |x Historia - |y Régimen Obregonista, 1920-1924 | ||
| 650 | |a México - |x Historia - |y Régimen Callista, 1924-1928 | ||
| 650 | |a México - |x Historia - |y 1928-2000 | ||
| 650 | |a México - |x Historia - |y Régimen Portesgilista, 1928-1930 | ||
| 650 | |a México - |x Historia - |y Siglo XX | ||
| 910 | |a Fondo Salvador Reynoso Reynoso | ||
| 920 | |a Impresos - Libros | ||
| 930 | |a Fondos Especiales | ||
| 905 | |a 112 | ||
| 901 | |a 0800006194 |b IT2 |c ESP |u 20250521 | ||
| 902 | |a https://opac.biblio.iteso.mx/vufind/Record/000121105 | ||